Rocznik świdnicki

Titel: Rocznik świdnicki / Towarzystwo Regionalne Ziemi Świdnickiej
Veröffentlicht: Świdnica, 1975-
Erscheinungsverlauf: Nachgewiesen 1975 - 1994; 23.1995 -
Format: Zeitschrift, Zeitung
Sprache: Polnisch
Schlagworte:
ISSN: 0137-3366
Kein Bild verfügbar
X
Lokale Klassifikation: 14 8 S 1
alg: 4701631
001A    $06050:18-06-96 
001B    $01999:03-03-23 $t19:18:04.000 
001D    $06050:09-10-15 
001U    $0utf8 
001X    $00 
002@    $0Abvc 
002C    $aText $btxt $2rdacontent 
002D    $aohne Hilfsmittel zu benutzen $bn $2rdamedia 
002E    $aBand $bnc $2rdacarrier 
003@    $0047016310 
003O    $01367323619 $aOCoLC 
005A    $00137-3366 
006Z    $028393-9 
007A    $028393-9 $aZDB 
010@    $apol 
011@    $a1975 $n1975- 
013D    $RPresse $RFortlaufendes Sammelwerk $#Periodicals $#Yearbooks $#Périodiques $#Annuaires $#Publicaciones periódicas $#journals $#Periodical $#Periodicals as Topic $#Zeitschrift $#Zeitschrift $#Periodikum $#Zeitschriften $74067488-5 $8Zeitschrift [Tsz] $9085189774 
018@    $0u 
021A    $aRocznik świdnicki $hTowarzystwo Regionalne Ziemi Świdnickiej 
031@    $aNachgewiesen 1975 - 1994; 23.1995 - 
031N    $0 $d23 $d1995 $6 $j1975 $k1994 
033A    $pŚwidnica 
045T    $a7,41 
045U    $e890 

lok: 4701631 24
101B    $027-03-07 $t10:34:58.000 
101U    $0utf8 
145S/01 $a262 
145Z/01 $a14 8 S 1 

exp: 4701631 24 1 #EPN
201B/01 $008-10-12 $t15:32:28.000 
201U/01 $0utf8 
203@/01 $0086147552 
208@/01 $a11-01-99 $bp 
209A/01 $a14 VIII S 39 Z 4 $f050 $h14 8 S 39 Z 4 $x00 
209E/01 $a1985 - $x02 
209E/01 $aJBK! $x04 
220C/01 $aR. - O. - [ff/K:mue]=best.//09.05.74 
231@/01 $6 $j1985 
247C/01 $8358050-7 Marburg, Bibliothek des Herder-Instituts Marburg $9102600961 

lok: 4701631 78

exp: 4701631 78 1 #EPN
201B/01 $016-05-18 $t22:55:13.000 
201U/01 $0utf8 
203@/01 $0791002357 
208@/01 $a12-11-16 $be 
209A/01 $a/ $f000 $x00 
220C/01 $aTitelaufnehmer: x 
220C/01 $aHerkunft: IH PAN/PBB Kraków 
237A/01 $aweiterführende Signatur(en):  14 VIII S 39 Z 4 
244Z/01 $2Trx $#Silesia $#Śląsk $#Sliezsko $#Slezsko $8--Trx--Schlesien $x01 $9391173987 
244Z/01 $2Trx $#Poola $#Lenkija $#Polija $#Polen Land $#Poland $#Lengyelország $#Poľsko $#Polsko $8--Trx--Polska$gkraj $x02 $9391345966 
244Z/01 $#Schweidnitz Świdnica $#Miasto Świdnica $#Gmina Miasto Świdnica $74053841-2 $8--Tg1--Świdnica $x03 $9085149489 
245Z/01 $a01.02 $x01 
247C/01 $82080>Marburg/Lahn, Herder-Institut, Forschungsbibliothek, Bibliographieportal $9336309341
LEADER 00000cas a2200000 c 4500
001 047016310
003 DE-603
005 20230303191804.0
007 tu
008 960618c19759999xx u| p| 0 |1pol c
016 7 |2 DE-600  |a 28393-9 
022 |a 0137-3366 
035 |a (DE-599)ZDB28393-9 
035 |a (OCoLC)1367323619 
040 |a DE-603  |b ger  |c DE-603  |d DE-603 
041 |a pol 
084 |a 7,41  |2 ssgn 
084 |a 890  |q DE-600  |2 sdnb 
245 0 0 |a Rocznik świdnicki  |c Towarzystwo Regionalne Ziemi Świdnickiej 
264 3 1 |a Świdnica  |c 1975- 
336 |a Text  |b txt  |2 rdacontent 
337 |a ohne Hilfsmittel zu benutzen  |b n  |2 rdamedia 
338 |a Band  |b nc  |2 rdacarrier 
362 0 |a Nachgewiesen 1975 - 1994; 23.1995 - 
363 0 0 |8 1.1\x  |i 1975 
363 0 1 |8 2.1\x  |a 23  |i 1995 
363 1 0 |8 1.2\x  |i 1994 
655 7 |a Zeitschrift  |2 gnd-content  |0 (DE-588)4067488-5  |0 (DE-603)085189774 
924 0 |9 Mb 50  |a (DE-603)086147552  |b DE-Mb50  |c HES  |d c  |g 14 VIII S 39 Z 4  |q 1985  |x -  |z 1985 - 
924 0 |9 2080  |a (DE-603)791002357  |b DE-2080  |c HES  |d d  |g /